000 00770nam a2200253 a 4500
001 adlib96000001
003 ViArRB
005 200902210153555.7
008 960221s1955 dcuabcdjdbkoqu001 0deng d
020 _a
022 _a
040 _aAdlib
082 _a51-33
245 _aMathematics in commerce and economics
250 _a
260 _aNew Delhi
_bVikas Publishing House Pvt. Ltd.
_c1983
300 _a248 p.
_c
500 _a
100 _aZameeruddin, Qazi
_e
700 _aKhanna, V.K.
_a
942 _cBK
653 _aMathematics
_aNumber theory
_aSet theory
_aGroup theory
_aPure mathematics
_aModern mathematics
_aArithmetic & algebra
952 _w2010-06-16
_p00025170
_r2010-06-16
_40
_00
_bUL
_10
_o51-33 QAZ
_d2010-06-16
_70
_yBK
_aUL
999 _c11836
_d11835